000 00708nam a2200289Ia 4500
005 20260324150606.0
008 008 260324s9999 xx 000 0 eng d
020 _a9781003605393
037 _aEBOOK
040 _aCRL
040 _beng
040 _cCRL
041 _2eng
041 _aeng
084 _qCRL
100 _aZiya Gökalp; Niyazi Berkes
_91226953
245 0 _aTurkish Nationalism and Western Civilization
245 0 _bSelected Essays of Ziya Gökalp
260 _bTaylor and Francis
260 _c1959
365 _a
365 _b165
856 _uhttp://www.taylorfrancis.com/books/9781003605393
942 _cEBOOK
999 _c1836658
_d1836658